| 000 | 00787nac a22002531i 4500 | ||
|---|---|---|---|
| 003 | EG-ScBUE | ||
| 005 | 20230712094812.0 | ||
| 008 | 100913s2004 ii a f 001 0 eng d | ||
| 020 | _a8120325192 | ||
| 040 |
_aEG-ScBUE _beng _erda _cEG-ScBUE _dEG-ScBUE |
||
| 082 | 0 | 4 |
_a910.285 _bGIS _222 |
| 245 |
_aGIS and AutoCAD map / _cNIIT. |
||
| 250 | _aEastern economy edition. | ||
| 264 | 1 |
_aNew Delhi : _bPrentice-Hall of India, _c2004. |
|
| 300 |
_a176 pages : _billustrations ; _c24 cm |
||
| 336 |
_2rdacontent _atext _btxt |
||
| 337 |
_2rdamedia _aunmediated _bn |
||
| 338 |
_2rdacarrier _avolume _bnc |
||
| 500 | _aIncludes index. | ||
| 650 | 7 |
_aGeographic information systems. _2BUEsh _918919 |
|
| 655 | _vReading book | ||
| 710 | 2 |
_aNIIT (Corporation) _econtributor. _918920 |
|
| 942 |
_cBB _2ddc |
||
| 999 |
_c759 _d759 |
||